| 000 | 00599cam a2200229 a 4500 | ||
|---|---|---|---|
| 001 | 3055521 | ||
| 003 | OSt | ||
| 005 | 20150912124459.0 | ||
| 008 | 961115s1997 nyua 001 0 eng | ||
| 010 | _a 96060597 | ||
| 020 | _a1572591412 | ||
| 040 | _aSEKU | ||
| 050 | 0 | 0 |
_aHB 172.5 _b.M3 1997 |
| 100 | 1 | _aMankiw, N. Gregory. | |
| 245 | 1 | 0 |
_aMacroeconomics _cN. Gregory Mankiw. |
| 250 | _a3rd ed. | ||
| 260 |
_aNew York : _bWorth Publishers, _cc1997. |
||
| 300 |
_axxxviii, 531 p. : _bill. (some col.) ; _c24 cm. |
||
| 500 | _aIncludes index. | ||
| 650 | 0 | _aMacroeconomics. | |
| 942 |
_2lcc _cGEN |
||
| 999 |
_c8858 _d8858 |
||